نو ا ۓ سر و ش (کليا ت مہجو ر شمسی) (Record no. 177875)

MARC details
000 -LEADER
fixed length control field 00703nam a22001937a 4500
005 - DATE AND TIME OF LATEST TRANSACTION
control field 20210309120909.0
010 ## - LCCN (DPL NO)
LC control number UR-11058
020 ## - INTERNATIONAL STANDARD BOOK NUMBER
Terms of availability 156.00
International Standard Book Number 9789390533732
035 ## - SYSTEM CONTROL NUMBER
System control number U-9613
037 ## - SOURCE OF ACQUISITION
Source of stock number/acquisition DBAD/PUB
082 ## - DEWEY DECIMAL CLASSIFICATION NUMBER
Classification number 841
100 ## - MAIN ENTRY--PERSONAL NAME
Personal name تر تيب و تا ليف:ہا شمی شميم
245 ## - TITLE STATEMENT
Title نو ا ۓ سر و ش (کليا ت مہجو ر شمسی)
Statement of responsibility, etc تر تيب و تا ليف:ہا شمی شميم
246 ## - VARYING FORM OF TITLE
Remainder of title Nawa-e-Sarosh(Urdu)
Title proper/short title Edited by Shamim Hashmi
260 ## - PUBLICATION, DISTRIBUTION, ETC. (IMPRINT)
Place of publication, distribution, etc Delhi
Date of publication, distribution, etc 2020 ء
Name of publisher, distributor, etc Educational Publishing House
270 ## - ADDRESS
Address B.O.3191,Vakil Street,Kucha Pandit,Lal Kuan,
City Delhi
Postal code 110006
Fax number -
300 ## - PHYSICAL DESCRIPTION
Extent 250 ص
Dimensions 22 Cm(Hb)
942 ## - ADDED ENTRY ELEMENTS (KOHA)
Source of classification or shelving scheme Dewey Decimal Classification
Item type Urdu Bks
Classification part 841
Call number suffix ش م ی
Holdings
Withdrawn status Lost status Not for loan Collection code Home library Current library Date acquired Source of acquisition Cost, normal purchase price Full call number Barcode Copy number Cost, replacement price Koha item type
      Non-fiction D.B.Act.Division Central Library 09/03/2021 DBAD/PUB 156.00 841 ش م ی U-9613 1 156.00 Urdu Bks

© Delhi Public Library
Hit Counter
free hit counter